La Adopción y el derecho a conocer la filiación de origen : un estudio legislativo y jurisprudencial / Margarita Garriga Gorina un estudio legislativo y jurisprudencial / Margarita Garriga Gorina
ISBN:
84-8410-385-4
Descripción Física:
312 p. ; 21 cm
Colección:
Monografías Aranzadi ; 48
MARC
| LEADER | 00000nam a2200000Ia 4500 | ||
|---|---|---|---|
| 001 | 13184 | ||
| 008 | 160829s9999 xx 000 0 cat d | ||
| 020 | |a 84-8410-385-4 | ||
| 080 | |a D-1-177 | ||
| 100 | |a Garriga Gorina, Margarita |9 882 | ||
| 245 | |a La Adopción y el derecho a conocer la filiación de origen : |b un estudio legislativo y jurisprudencial / Margarita Garriga Gorina | ||
| 260 | |a Elcano : |b Aranzadi, Cop. 2000 | ||
| 300 | |a 312 p. ; |c 21 cm | ||
| 490 | |a Monografías Aranzadi ; 48 | ||
| 650 | |a Adopció |x Espanya |9 32150 | ||
| 650 | |a Dret |x Espanya |9 21068 | ||
| 901 | |a Arxiu | ||
| 942 | |n 1 | ||
| 952 | |0 0 |1 0 |4 0 |6 D1177 |7 1 |9 45888 |a Arxiu |b Arxiu |d 2016-12-01 |l 0 |o D-1-177 |p 13184 |r 2016-12-01 00:00:00 |w 2016-12-01 |y ARXIU | ||
| 999 | |c 49389 |d 49389 | ||